00384nam a2200133Ia 450000500170000000800460001703700290006304000200009204100130011208400210012524500460014626000480019230000100024020250508152627.0008 250505s9999 xx 000 0 eng d aBooks to be hide in OPAC aFEDLbengcFEDL aeng2eng a017.4, IMPqFEDL 0aImpex reference catalogue of Indian Books aNew Delhi, IndiabIndian Council for Africa a468p.